banner-ar

SERPENT OF THE NILE: WOMAN AND DANCE IN THE ARAB WORLD / (Record no. 25335)

MARC details
000 -الفاتح
حقل البيانات ثابتة الطول 00491nam a2200181Ia 4500
008 - عناصر البيانات ثابتة الطول - معلومات عامة
حقل البيانات ثابتة الطول 140319s9999 xx 000 0 eng d
040 ## - مصدر الفهرسة
وكالة الفهرسة الأصلية GCL /
وكالة النسخ GCL
082 04 - رقم تصنيف ديوى العشرى
رقم التصنيف 793.319
رقم المادة B S
100 1# - المدخل الرئيسى - إسم شخصى
الإسم الشخصى BUONAVENTURA, WENDY
245 10 - بيان العنوان
العنوان SERPENT OF THE NILE: WOMAN AND DANCE IN THE ARAB WORLD /
بيان المسئوليه,etc BUONAVENTURA, WENDY
260 ## - PUBLICATION, DISTRIBUTION, ETC. (IMPRINT)
تاريخ النشر أو التوزيع 1994
300 ## - الوصف المادى
التعداد 207
650 04 - المدخل الاضافى بالموضوع-مصطلح موضوعى
مصطلح موضوعي DANCING
650 04 - المدخل الاضافى بالموضوع-مصطلح موضوعى
مصطلح موضوعي NATIONAL DANCING
650 04 - المدخل الاضافى بالموضوع-مصطلح موضوعى
مصطلح موضوعي ORIENTAL DANCE
942 ## - عناصر المدخل الإضافي( كوها)
مصدر التصنيف او مخطط الترفيف Dewey Decimal Classification
Koha [default] item type كتاب
260 ## - PUBLICATION, DISTRIBUTION, ETC. (IMPRINT)
-- [S.N] :
-- SAQI BOOKS ،
Holdings
حالة التراجع حالة الفقد حالة تلف ليس للاعارة المكان المؤقت الموقع الحالى تاريخ الاكتساب اجمالي اﻻعارات رقم الطلب الباركود تاريخ اخر مشاهدة تاريخ تفعيل السعر نوع وعاء كوها
        مكتبة القاهرة الكبرى مكتبة القاهرة الكبرى 03/26/2014   793.319\B S 44663 03/26/2014 03/26/2014 كتاب

Powered By

EGPV